000 00361nam a2200121 4500
999 _c13633
_d13633
008 190329b ||||| |||| 00| 0 eng d
100 _937971
_aTorregoza, Hannah L.
245 _aDep't of culture measure advances/
_cHannah L. Torregoza
260 _aPhilippines
_bThe Philippine Star
_cc2018
300 _apage 2.
650 0 _937972
_aCulture.
942 _2ddc
_cPER